00672nam a2200217 a 4500001001000000003000500010005001700015008004100032010001100073011001100084020001800095040000900113082001600122100004200138245009000180260005800270300001100328490003500339650003000374830005000404000110248CHAP20230320130737.0140806s2013 mx a |r| ||||||spa d a106710 a107682 a9786077151753 cCHAP04a515.64bV1400aValdovinos Chávez, Víctor Rafael.10aCálculo de variaciones y control óptimo /cpor Victor Rafael Valdovinos Chávez. aMontecillo, Méx. :bColegio de Posgraduados,c2013. a154 p.0 aColección la Gaya cienciav214aCálculo de variaciones. 0aLa Gaya Ciencia (Colegio de Postgraduados)v2